Harry Potter - Last lines - Statistics

General Stats
  • This quiz has been taken 617 times
    600 since last reset
  • The average score is 7 of 15
Answer Stats
Hint Answer % Correct
Avada Kedavra Voldemort
86%
Severus....Please Albus Dumbledore
85%
Look at me Severus Snape
71%
Not Harry, please-I'll do anything! Lily Potter
69%
I don't think iv'e heard you joke since you were... Fred Weasley
63%
Come on, you can do better than that! Sirius Black
63%
Harry Potter Dobby
61%
Severus....please......please Charity Burbage
38%
I dunno, wands out, d'you reckon? Cedric Diggory
35%
Master, I cannot hold him. My hands! Quirinus Quirrell
30%
Tell Dumbledore....Harry Potter...The dark lord...Stronger Barty Crouch
28%
The wand will never ever be yours! Gellert Grindelwald
22%
He'll kill me for losing the ring! Morfin Gaunt
22%
I hope he looks like his papa Merope Gaunt
20%
Turn round and face me like a man why don't you! Frank Bryce
14%
No matching quizzes found
Score Distribution
Percent of People with Each Score
Percentile by Number Answered
Your Score History
You have not taken this quiz since the last reset